| 000 | 00545cam a2200205ua 4500 | ||
|---|---|---|---|
| 001 | 3096 | ||
| 008 | 111012n ii |||gr||||Z||||||asm | ||
| 020 | _a978-81-260-2905-1 | ||
| 040 | _cMAIN | ||
| 082 | _a891.4513 | ||
| 100 |
_aBandyopadhyay, Manik, _eAuthor. |
||
| 245 | 1 | 1 |
_aPutalanachar itikatha _cby Manik Bandyopadhyay |
| 250 | _a2nd. | ||
| 260 |
_aNew delhi: _bSahitya akademi, _c2010. |
||
| 300 |
_a196p: _c23cm. |
||
| 653 | _aAssamese novel | ||
| 653 | _aPutalanachar itikatha | ||
| 700 |
_aSaikia, Rajen, _eTranslator., |
||
| 942 | _cBK | ||
| 999 |
_c2942 _d2942 |
||